LEADER 00883nam0-2200289 --450 001 9910994292603321 005 20250415124634.0 100 $a20250415d2004----kmuy0itay5050 ba 101 1 $aita$cger 102 $aIT 105 $ay ac 001yy 200 1 $aCarlo Magno$eil signore dell'Occidente$fDieter Hägermann 210 $aTorino$cGiulio Einaudi editore$d2004 215 $aLXVIII, 604 p.$d22 cm 225 1 $aBiblioteca di cultura storica$v251 300 $aTraduzione di Giuseppe Albertoni 454 0$12001$aKarl der Große$eHerrscher des Abendlandes$94353490 610 0 $aCarlo : Magno 676 $a944.01 700 1$aHägermann,$bDieter$0566772 801 0$aIT$bUNINA$gREICAT$2UNIMARC 901 $aBK 912 $a9910994292603321 952 $aGEN B 602$b239/2025$fFARBC 959 $aFARBC 996 $aKarl der Große$94353490 997 $aUNINA